Le français au Cameroun bakalárska práca

Saved in:
Bibliographic Details
Main Author: Oravcová, Laura
Corporate Author: Fakulta aplikovaných jazykov EU v Bratislave. Katedra románskych a slovanských jazykov
Other Authors: Tureková, Andrea, 1979-
Format: Book
Language:French
Published: Bratislava 2018
Tags: Add Tag
No Tags, Be the first to tag this record!

MARC

LEADER 00000nbm a2200000 4500
001 0243992
005 20181011092902.2
041 0 |a fre 
044 |a SK 
245 1 0 |a Le français au Cameroun  |b bakalárska práca  |c Laura Oravcová ; školiteľ: Andrea Tureková 
264 1 |a Bratislava  |c 2018 
300 |a 50 s. 
100 1 |a Oravcová, Laura 
700 1 |a Tureková, Andrea, 1979- 
710 2 |a Fakulta aplikovaných jazykov EU v Bratislave. Katedra románskych a slovanských jazykov